| 000 | 00927cam a2200301 4500 | ||
|---|---|---|---|
| 008 | 090401t1996 xxu||||| |||| 00| 0 eng d | ||
| 020 | _a085406768X | ||
| 035 | _a(Sirsi) u65577 | ||
| 041 | _aeng | ||
| 050 | _a333.0062 | ||
| 090 | _aRICS 1996/65ABCD | ||
| 110 |
_aRoyal Institution of Chartered Surveyors _94900 |
||
| 245 | _aRoyal charter and bye-laws 1973. (Amended 1975, 1977, 1978, 1980, 1981, 1983, 1985, 1986, 1988, 1990, 1991, 1993 and 1995). | ||
| 250 | _aRev. ed. | ||
| 260 |
_aLondon _bRICS _c1996 |
||
| 300 | _aca.70p. ; 21cm. | ||
| 350 | _a6.95 | ||
| 520 | _aAMENDED 1998 (RICS 1998/42). | ||
| 650 | _aABOUT RICS-RICS MEMBERS | ||
| 650 | _aMEMBERSHIP | ||
| 650 | _aPROFESSIONAL PRACTICE | ||
| 650 | _aRICS BYE-LAWS | ||
| 650 | _aRICS ROYAL CHARTER | ||
| 650 | _aRICS RULES OF CONDUCT | ||
| 690 | _aMANAGEMENT-BUSINESS MANAGEMENT-PROFESSIONAL PRACTICE | ||
| 942 | _n0 | ||
| 948 | _c04/03/1997 | ||
| 999 |
_c94774 _d94774 |
||